| Tag |
First Indicator |
Second Indicator |
Subfields |
| LEADER |
00000cam a2200000Ii 4500 |
| 001 |
in00004401413 |
| 008 |
200303t20202020ohua b 001 0 eng d |
| 005 |
20250308175632.3 |
| 020 |
|
|
|a 9783777435541
|
| 020 |
|
|
|a 3777435546
|q (hardcover)
|
| 035 |
|
|
|a (OCoLC)on1142523105
|
| 035 |
|
|
|a (OCoLC)1142523105
|
| 040 |
|
|
|a YDX
|b eng
|e rda
|c YDX
|d BDX
|d OCLCQ
|d APL
|d OCLCF
|d OHX
|d MOF
|d CMA
|d XHS
|d CPL
|d UtOrBLW
|
| 050 |
|
4 |
|a N8232
|b .T49 2020
|
| 050 |
|
4 |
|a TT958
|b .T49 2020
|
| 050 |
|
4 |
|a NX650.H34
|b K36 2020
|
| 082 |
0 |
4 |
|a 391.508996
|2 23
|
| 245 |
0 |
0 |
|a Textures :
|b the history and art of Black hair /
|c curators, Dr. Tameka N. Ellington, Dr. Joseph L. Underwood ; editors, Joiseph L. Underwood and Tameka N. Ellington.
|
| 246 |
3 |
0 |
|a History and art of Black hair
|
| 264 |
|
1 |
|a Kent, Ohio, USA :
|b The KSU Museum ;
|a Munich, Germany :
|b Hirmer,
|c [2020]
|
| 264 |
|
4 |
|c ©2020
|
| 300 |
|
|
|a 192 pages :
|b illustrations (some color) ;
|c 26 cm
|
| 336 |
|
|
|a text
|b txt
|2 rdacontent
|
| 336 |
|
|
|a still image
|b sti
|2 rdacontent
|
| 337 |
|
|
|a unmediated
|b n
|2 rdamedia
|
| 338 |
|
|
|a volume
|b nc
|2 rdacarrier
|
| 500 |
|
|
|a "This book is published on the occasion of the exhibition Textures : the history and art of Black hair, Kent State University Museum, September 10, 2021-August 14, 2022"--Colophon.
|
| 520 |
|
|
|a "Textures synthesizes research in history, fashion, art, and visual culture to reassess the "hair story" of peoples of African descent. Long a fraught topic for African Americans and others in the diaspora, Black hair is here addressed by artists, barbers, and activists in both its historical perceptions and its ramifications for self and society today. Combs, products, and implements from the collection of hair pioneer Willie Morrow are paired here with masterworks from artists like Sonya Clark, Lorna Simpson, Mickalene Thomas, and Alison Saar. Exploring topics such as the preferential treatment of straight hair, the social hierarchies of skin, and the power and politics of display, Textures is a landmark exploration of Black hair and its important, complicated place in the history of African American life and culture."--Google Books.
|
| 520 |
|
|
|a "Artists: Hector Acebes, Derrick Adams, Karo Akpokiere, Deborah Anzinger, Keturah Ariel, April Bey, Charles Bohannah, Margaret Bowland, Nakeya Brown, Jean-Baptiste Carpeaux, Tawny Chatmon, Sonya Clark, David Driskell, Sarah Duah, Andrew Esiebo, Joseph Eze, Amber Ford, Yrneh Gabon, Olaf Hajek, Nakazzi Hutchinson, Shara K. Johnson, Eric Lafforgue, Annie Lee, Delita Martin, Charlotte Mensah, Lebohang Motaung, Zanele Muholi, Althea Murphy-Price, Nontsikelelo Mutiti, Woodrow Nash, Sharon Norwood, Glenford Nuñez, Charly Palmer, Gordon Parks, Faith Ringgold, Lezley Saar, Augusta Savage, Ngozi Schommers, Devan Shimoyama, Mary Sibande, Lorna Simpson, Nelson Stevens, Ibrahima Thiam, James Van Der Zee, Lina Viktor, Nafis White, Kehinde Wiley, Masa Zodros (and dozens of unidentified artists across African and American people groups)."-- Publisher website.
|
| 504 |
|
|
|a Includes bibliographical references (pages 183-189) and index.
|
| 505 |
0 |
0 |
|g Foreword/acknowledgements / Sarah J. Rogers --
|t The conception of Textures : the history and art of Black hair /
|r Tameka N. Ellington --
|t Black hair is... /
|r Lori L. Tharps --
|t Whose story is it anyway? : considering Keturah Ariel's "Internal battle" and Black hair /
|r Ingrid Banks --
|t Combs and curling irons : the psycho-emotional tools for shaping Black hair textures and cultural consciousness /
|r Afiya Mbilishaka --
|t (The) dead matter /
|r Zoé Samudzi --
|t Under the lens : photography and Black hair /
|r Joseph L. Underwood --
|t Community & memory --
|t Hair politics --
|t Black joy.
|
| 650 |
|
0 |
|a Blacks in art
|v Exhibitions.
|0 http://id.loc.gov/authorities/subjects/sh2009117254
|
| 650 |
|
0 |
|a Hair in art
|v Exhibitions.
|
| 650 |
|
0 |
|a Hairdressing of Blacks
|x Social aspects
|v Exhibitions.
|
| 650 |
|
0 |
|a Hairdressing of Blacks
|x History
|v Exhibitions.
|
| 650 |
|
0 |
|a Hair
|x Social aspects.
|
| 650 |
|
0 |
|a Women, Black
|x Social conditions.
|
| 650 |
|
0 |
|a Hairstyles
|x Social aspects.
|
| 650 |
|
7 |
|a Hair
|x Social aspects.
|2 fast
|0 (OCoLC)fst00950381
|
| 650 |
|
7 |
|a Hairdressing of Blacks.
|2 fast
|0 (OCoLC)fst00950428
|
| 650 |
|
7 |
|a Hairstyles
|x Social aspects.
|2 fast
|0 (OCoLC)fst00950434
|
| 650 |
|
7 |
|a Women, Black
|x Social conditions.
|2 fast
|0 (OCoLC)fst01178934
|
| 655 |
|
7 |
|a History.
|2 fast
|0 (OCoLC)fst01411628
|
| 655 |
|
7 |
|a Exhibition catalogs.
|2 lcgft
|0 http://id.loc.gov/authorities/genreForms/gf2014026098
|
| 700 |
1 |
|
|a Ellington, Tameka N.,
|e curator,
|e editor.
|0 http://id.loc.gov/authorities/names/no2021024818
|
| 700 |
1 |
|
|a Underwood, Joseph L.,
|e curator,
|e editor.
|0 http://id.loc.gov/authorities/names/no2021024819
|
| 700 |
1 |
|
|a Rogers-Lafferty, Sarah,
|e writer of foreword.
|0 http://id.loc.gov/authorities/names/n88632903
|
| 710 |
2 |
|
|a Kent State University.
|b Museum,
|e host institution.
|0 http://id.loc.gov/authorities/names/nr97022798
|
| 948 |
|
|
|a cataloged
|b h
|c 2021/9/21
|d c
|e ceaton
|f 12:04:44 pm
|
| 955 |
|
|
|a Print purchased PDA title
|
| 999 |
f |
f |
|s 3e9aa624-0e0e-322e-9e86-130dcd2cf28a
|i cea6d21f-d635-3808-81cf-ae94c648c729
|t 0
|
| 952 |
f |
f |
|p normal
|a Texas A&M University
|b College Station
|c Sterling C. Evans Library
|d Evans: Library Stacks
|t 0
|e TT958 T49 2020
|h Library of Congress classification
|i unmediated -- volume
|m A14851237736
|
| 998 |
f |
f |
|a TT958 T49 2020
|t 0
|l Evans: Library Stacks
|